00568nam a22001817a 450000500170000001000170001702000260003403500170006003700180007708200060009510000170010124500970011826000420021527000600025730000320031770000200034970000170036920131216121713.0 aB-522235-243 a9788190751582c195.00 aB-522235-243 bBBB/Ven.adpl aS aJohnson, Dan aSinbab :cby Dan Johnson; edited by Sukanya Mehta; illustrated by Naresh KumarbThe legacy / aNew DelhibKalyani Navyug Mediac2011 a101 C, Shiv House, Hari Nagar AshrambNew Delhie110014 a86p. :c24cm(pbk)bcol.ill. aMehta, Sukanya  aNaresh Kumar